Flagi republik związkowych ZSRR - Statystyki

Ogólne statystyki
  • Ten quiz został rozwiązany 1 002 razy
  • Średni wynik to 9 z 15
Statystyki odpowiedzi
Obrazkowy Odpowiedź % Poprawnych
Białoruś
97%
Estonia
79%
Łotwa
67%
Armenia
63%
Gruzja
62%
Ukraina
62%
Kazachstan
61%
Litwa
60%
Rosja
59%
Mołdawia
53%
Azerbejdżan
52%
Tadżykistan
49%
Kirgistan
48%
Uzbekistan
45%
Turkmenistan
43%
Nie znaleziono quizów pasujących do podanych kryteriów
Rozkład punktacji
Procent ludzi z każdym wynikiem
Percentyl według liczby udzielonych odpowiedzi
Twoja historia wyników
Nie rozwiązałeś tego quizu